[Event "14. Obert Int. Sant Marti 2012"]
[Site "Barcelona ESP"]
[Date "2012.07.19"]
[Round "7.19"]
[White "Palit, Somak"]
[Black "Rojas Keim, Luis"]
[Result "1-0"]
[WhiteElo "2393"]
[BlackElo "2426"]
[PlyCount "101"]
[EventDate "2012.07.13"]
[EventType "swiss"]
[EventRounds "9"]
[EventCountry "ESP"]
[SourceTitle "Ajedrez en Madrid"]
[Source "lmi"]
[SourceDate "2012.07.13"]
[SourceVersion "1"]
[SourceVersionDate "2019.06.21"]
[SourceQuality "1"]

1. e4 e6 2. d4 d5 3. Nc3 Bb4 4. Nge2 Nc6 5. a3 Ba5 6. Be3 Nf6 7. b4 Bb6 8. e5
Ng4 9. Nf4 Nxe3 10. fxe3 Qe7 11. Bd3 a5 12. b5 Nxd4 13. exd4 Bxd4 14. Qd2 Qg5
15. g3 Qxe5+ 16. Nfe2 Be3 17. Qd1 h5 18. Qb1 h4 19. Rf1 hxg3 20. hxg3 Rh2 21.
Nd1 Rxe2+ 22. Bxe2 Qxg3+ 23. Rf2 d4 24. Qb3 Bd7 25. a4 f5 26. Ra3 f4 27. Bf3
O-O-O 28. Ke2 Bxf2 29. Nxf2 Rh8 30. Qc4 Qg6 31. b6 c6 32. Rd3 e5 33. Qc5 Kd8
34. Qxa5 Bc8 35. c3 Re8 36. Be4 Qh5+ 37. Ke1 Ke7 38. Rxd4 Kf8 39. Qc5+ Kg8 40.
Rd6 Bf5 41. Qc4+ Kh8 42. Bxf5 Qxf5 43. Qe4 Qg5 44. Rd3 Kg8 45. Qc4+ Kf8 46. Rd7
Qf5 47. Qd3 e4 48. Qh3 Qxh3 49. Nxh3 f3 50. Rxb7 e3 51. Rc7 1-0

[Event "14. Obert Int. Sant Marti 2012"]
[Site "Barcelona ESP"]
[Date "2012.07.19"]
[Round "7.20"]
[White "Pogorelov, Ruslan"]
[Black "Konguvel, Ponnuswamy"]
[Result "1/2-1/2"]
[WhiteElo "2417"]
[BlackElo "2319"]
[PlyCount "116"]
[EventDate "2012.07.13"]
[EventType "swiss"]
[EventRounds "9"]
[EventCountry "ESP"]
[SourceTitle "Ajedrez en Madrid"]
[Source "lmi"]
[SourceDate "2012.07.13"]
[SourceVersion "1"]
[SourceVersionDate "2019.06.21"]
[SourceQuality "1"]

1. Nf3 g6 2. c4 Bg7 3. d4 Nf6 4. Nc3 d5 5. cxd5 Nxd5 6. e4 Nxc3 7. bxc3 c5 8.
Rb1 O-O 9. Be2 Nc6 10. d5 Bxc3+ 11. Bd2 Bxd2+ 12. Qxd2 Na5 13. h4 Bg4 14. h5
Bxf3 15. gxf3 e5 16. Qc3 Re8 17. hxg6 fxg6 18. Qxc5 b6 19. Qe3 Rc8 20. Kf1 Rf8
21. Rc1 Rxc1+ 22. Qxc1 Rf7 23. Qc3 Qf6 24. Ba6 Qxf3 25. Qxf3 Rxf3 26. Kg2 Rc3
27. d6 Nc6 28. Bb7 h5 29. Rd1 Nd8 30. Bd5+ Kf8 31. f4 exf4 32. e5 Re3 33. e6
Rxe6 34. Bxe6 Nxe6 35. Re1 Nc5 36. Re7 a5 37. Kf3 g5 38. Rh7 Ke8 39. Rxh5 Kd7
40. Rxg5 Kxd6 41. Kxf4 Kc7 42. Ke5 Kb7 43. Kd4 Ka6 44. Kd5 Kb5 45. Rg1 Nd3 46.
a3 Nf4+ 47. Ke4 Ne6 48. Rb1+ Kc6 49. Ke5 Nc5 50. Kd4 Nb7 51. Rh1 Kb5 52. Kd5
Ka4 53. Rb1 b5 54. Kc6 Nd8+ 55. Kb6 b4 56. axb4 axb4 57. Kc5 Nb7+ 58. Kd4 Na5
1/2-1/2

[Event "14. Obert Int. Sant Marti 2012"]
[Site "Barcelona ESP"]
[Date "2012.07.19"]
[Round "7.21"]
[White "Gonzalez Rodriguez, Jorge A"]
[Black "Zsinka, Laszlo"]
[Result "1-0"]
[WhiteElo "2410"]
[BlackElo "2291"]
[PlyCount "95"]
[EventDate "2012.07.13"]
[EventType "swiss"]
[EventRounds "9"]
[EventCountry "ESP"]
[SourceTitle "Ajedrez en Madrid"]
[Source "lmi"]
[SourceDate "2012.07.13"]
[SourceVersion "1"]
[SourceVersionDate "2019.06.21"]
[SourceQuality "1"]

1. b3 e5 2. Bb2 Nc6 3. e3 Nf6 4. Bb5 d6 5. Bxc6+ bxc6 6. d3 g6 7. Ne2 Bg7 8.
Nd2 O-O 9. O-O Qe7 10. Nc4 Ng4 11. h3 Nh6 12. e4 d5 13. Na5 Bd7 14. Qd2 f5 15.
f3 Rad8 16. Qc3 Qg5 17. Bc1 f4 18. Kh2 Qf6 19. Rh1 Rf7 20. Ba3 g5 21. Kg1 g4
22. Kf1 gxh3 23. gxh3 Qh4 24. Ng1 Qf6 25. Re1 Kh8 26. Re2 Be8 27. Bc5 a6 28.
Rhh2 Ng8 29. h4 Bd7 30. Ke1 Re8 31. Kd1 Qe6 32. Nh3 Bf6 33. Ng5 Bxg5 34. hxg5
d4 35. Qb4 Rg7 36. Rh5 Qf7 37. Reh2 Re6 38. c3 dxc3 39. Qxc3 Be8 40. Nc4 Qd7
41. R5h4 Rxg5 42. Rxf4 Qg7 43. Rfh4 Rg1+ 44. Bxg1 Qxg1+ 45. Kc2 h6 46. Nxe5 Kh7
47. f4 Qg7 48. Ng4 1-0

[Event "14. Obert Int. Sant Marti 2012"]
[Site "Barcelona ESP"]
[Date "2012.07.19"]
[Round "7.22"]
[White "Perpinya Rofes, Lluis Maria"]
[Black "Uribe Arteaga, Daniel"]
[Result "0-1"]
[WhiteElo "2401"]
[BlackElo "2272"]
[PlyCount "122"]
[EventDate "2012.07.13"]
[EventType "swiss"]
[EventRounds "9"]
[EventCountry "ESP"]
[SourceTitle "Ajedrez en Madrid"]
[Source "lmi"]
[SourceDate "2012.07.13"]
[SourceVersion "1"]
[SourceVersionDate "2019.06.21"]
[SourceQuality "1"]

1. e4 g6 2. d4 Bg7 3. Nf3 c6 4. Be2 d5 5. e5 Nh6 6. O-O f6 7. c4 O-O 8. Nc3 Be6
9. Qb3 Qb6 10. Qa3 Nd7 11. cxd5 cxd5 12. exf6 exf6 13. Bf4 Rfe8 14. Bb5 Rad8
15. Qb3 Qa5 16. Na4 g5 17. Bd2 Qc7 18. Rac1 Qd6 19. Nc5 Qb6 20. Rfe1 Nf5 21.
Rxe6 Rxe6 22. Bxd7 Rxd7 23. Nxd7 Qxb3 24. axb3 g4 25. Ne1 Nxd4 26. Rc8+ Kf7 27.
Rc7 Kg6 28. Nd3 Ra6 29. h3 gxh3 30. Nf4+ Kf5 31. Nxh3 Nxb3 32. Bb4 d4 33. Nc5
Rb6 34. Nd3 Bh6 35. f3 Be3+ 36. Nhf2 h5 37. Ba3 Nd2 38. Rc5+ Kg6 39. Rc2 Re6
40. Bb4 Nb3 41. Kf1 a5 42. Be1 b5 43. Nd1 Bh6 44. f4 Kf5 45. g3 Bf8 46. Rh2 Ke4
47. Re2+ Kf5 48. Rxe6 Kxe6 49. Ke2 Kd5 50. N1f2 b4 51. Kd1 Kc4 52. Kc2 a4 53.
Nc1 Nc5 54. Nfd3 b3+ 55. Kd2 Nxd3 56. Nxd3 a3 57. bxa3 Bxa3 58. Bf2 b2 59.
Nxb2+ Bxb2 60. Ke2 Kc3 61. Kd1 Kd3 0-1

[Event "14. Obert Int. Sant Marti 2012"]
[Site "Barcelona ESP"]
[Date "2012.07.19"]
[Round "7.23"]
[White "Aranda Gonzalez, Jose"]
[Black "Mammadova, Gulnar"]
[Result "1/2-1/2"]
[WhiteElo "2245"]
[BlackElo "2341"]
[PlyCount "81"]
[EventDate "2012.07.13"]
[EventType "swiss"]
[EventRounds "9"]
[EventCountry "ESP"]
[SourceTitle "Ajedrez en Madrid"]
[Source "lmi"]
[SourceDate "2012.07.13"]
[SourceVersion "1"]
[SourceVersionDate "2019.06.21"]
[SourceQuality "1"]

1. e4 e6 2. Nc3 d5 3. Nf3 Nf6 4. e5 Nfd7 5. d4 c5 6. dxc5 Nc6 7. Bf4 Bxc5 8.
Bd3 f6 9. exf6 Qxf6 10. Bg3 O-O 11. O-O Nd4 12. Nxd4 Bxd4 13. Qd2 Ne5 14. Rae1
Nxd3 15. cxd3 Bd7 16. Ne2 Bb6 17. Nc3 Rf7 18. Be5 Qg6 19. d4 Ba5 20. Re3 Qg5
21. Qd3 Qf5 22. Qxf5 Rxf5 23. Rc1 Rc8 24. Rg3 g6 25. a3 Bd8 26. f4 Bb6 27. Kf1
Rc4 28. Ne2 Rxc1+ 29. Nxc1 Rf8 30. Rc3 Rc8 31. Rxc8+ Bxc8 32. Ke2 Bd7 33. Ke3
Bd8 34. Nd3 a6 35. g4 h6 36. Nc5 Bc8 37. a4 Be7 38. Nd3 Bd7 39. a5 Bb5 40. Nc5
Bxc5 41. dxc5 1/2-1/2

[Event "14. Obert Int. Sant Marti 2012"]
[Site "Barcelona ESP"]
[Date "2012.07.19"]
[Round "7.24"]
[White "Umudova, Nargiz"]
[Black "Prasanna, Raghuram Rao"]
[Result "1-0"]
[WhiteElo "2210"]
[BlackElo "2428"]
[PlyCount "77"]
[EventDate "2012.07.13"]
[EventType "swiss"]
[EventRounds "9"]
[EventCountry "ESP"]
[SourceTitle "Ajedrez en Madrid"]
[Source "lmi"]
[SourceDate "2012.07.13"]
[SourceVersion "1"]
[SourceVersionDate "2019.06.21"]
[SourceQuality "1"]

1. e4 e5 2. Nf3 Nc6 3. Bb5 a6 4. Ba4 Nf6 5. O-O Be7 6. Re1 b5 7. Bb3 O-O 8. a4
b4 9. d3 Bb7 10. Nbd2 Bc5 11. Nc4 Re8 12. Bg5 h6 13. Bh4 g5 14. Bg3 d6 15. c3
Ba7 16. Ne3 Bc8 17. h4 Bxe3 18. fxe3 Bg4 19. hxg5 hxg5 20. cxb4 Kg7 21. Rf1 Rf8
22. Be1 Rb8 23. Qc2 Nxb4 24. Bxb4 Rxb4 25. Nxg5 Nh5 26. Rxf7+ Rxf7 27. Nxf7 Qe7
28. Bd5 Ng3 29. Re1 Qh4 30. Nxe5 dxe5 31. Qxc7+ Kh8 32. Qxe5+ Kh7 33. Qc7+ Kh8
34. Qc3+ Kh7 35. Qxb4 Ne2+ 36. Rxe2 Bxe2 37. Qd2 Qg4 38. b4 Kh6 39. b5 1-0

[Event "14. Obert Int. Sant Marti 2012"]
[Site "Barcelona ESP"]
[Date "2012.07.19"]
[Round "7.25"]
[White "Grafl, Florian"]
[Black "Chakravarthi, Y V K.."]
[Result "1/2-1/2"]
[WhiteElo "2387"]
[BlackElo "2053"]
[PlyCount "126"]
[EventDate "2012.07.13"]
[EventType "swiss"]
[EventRounds "9"]
[EventCountry "ESP"]
[SourceTitle "Ajedrez en Madrid"]
[Source "lmi"]
[SourceDate "2012.07.13"]
[SourceVersion "1"]
[SourceVersionDate "2019.06.21"]
[SourceQuality "1"]

1. f4 d5 2. Nf3 g6 3. e3 Bg7 4. Be2 Nf6 5. O-O O-O 6. d3 c5 7. a4 b6 8. Ne5 Bb7
9. Bf3 Nbd7 10. Nc3 e6 11. Nxd7 Qxd7 12. e4 dxe4 13. dxe4 Qd4+ 14. Kh1 Qxd1 15.
Rxd1 Rfd8 16. Rxd8+ Rxd8 17. Be3 Ne8 18. Ne2 Bxb2 19. Rb1 Bd4 20. Nxd4 cxd4 21.
Bg1 Nf6 22. Re1 Bc6 23. Bf2 Nh5 24. Bxh5 gxh5 25. a5 bxa5 26. e5 a6 27. Rd1 Be4
28. Rxd4 Rxd4 29. Bxd4 Bxc2 30. Bc5 Kg7 31. Kg1 Kg6 32. Kf2 Kf5 33. Ke3 Be4 34.
g3 Bd5 35. h4 f6 36. Bd4 fxe5 37. Bxe5 a4 38. Bb2 Bc6 39. Ba1 a3 40. Bc3 a2 41.
Ba1 Bd5 42. Bb2 a5 43. Ba1 a4 44. Bb2 Kg6 45. Kd4 Kf6 46. Ba1 Ke7 47. Kc5 Be4
48. Bc3 Kd7 49. Ba1 Kc7 50. Bc3 Bd3 51. Ba1 Kb7 52. Kd4 Bf5 53. Kc5 a3 54. Bd4
Bd3 55. Be5 Ka6 56. Kb4 Kb6 57. Kxa3 Kc5 58. Kxa2 Bf5 59. Kb3 Kd5 60. Kc3 Ke4
61. Bf6 Kf3 62. Kd4 Kxg3 63. Ke5 Kg4 1/2-1/2

[Event "14. Obert Int. Sant Marti 2012"]
[Site "Barcelona ESP"]
[Date "2012.07.19"]
[Round "7.26"]
[White "Montalban Galvez, Antoni"]
[Black "Mestre Bellido, Hector"]
[Result "1/2-1/2"]
[WhiteElo "2204"]
[BlackElo "2339"]
[PlyCount "44"]
[EventDate "2012.07.13"]
[EventType "swiss"]
[EventRounds "9"]
[EventCountry "ESP"]
[SourceTitle "Ajedrez en Madrid"]
[Source "lmi"]
[SourceDate "2012.07.13"]
[SourceVersion "1"]
[SourceVersionDate "2019.06.21"]
[SourceQuality "1"]

1. Nf3 d5 2. d4 Nf6 3. c4 c6 4. Nc3 dxc4 5. a4 Bf5 6. e3 e6 7. Bxc4 Bb4 8. O-O
O-O 9. Qe2 Bg6 10. Ne5 Nbd7 11. Nxg6 hxg6 12. Rd1 Qc7 13. Bd2 e5 14. d5 Bxc3
15. Bxc3 Ne4 16. Rac1 c5 17. Bb5 Rad8 18. Qd3 Ndf6 19. d6 Nxd6 20. Bxe5 Nxb5
21. Bxc7 Rxd3 22. axb5 Rb3 1/2-1/2

[Event "14. Obert Int. Sant Marti 2012"]
[Site "Barcelona ESP"]
[Date "2012.07.19"]
[Round "7.27"]
[White "Mamedjarova, Zeinab"]
[Black "Ramesa, Marin"]
[Result "0-1"]
[WhiteElo "2307"]
[BlackElo "2214"]
[PlyCount "72"]
[EventDate "2012.07.13"]
[EventType "swiss"]
[EventRounds "9"]
[EventCountry "ESP"]
[SourceTitle "Ajedrez en Madrid"]
[Source "lmi"]
[SourceDate "2012.07.13"]
[SourceVersion "1"]
[SourceVersionDate "2019.06.21"]
[SourceQuality "1"]

1. d4 Nf6 2. c4 e6 3. Nf3 b6 4. g3 Ba6 5. Nbd2 Bb7 6. Bg2 Be7 7. O-O O-O 8. Qc2
d5 9. cxd5 exd5 10. Ne5 c5 11. dxc5 Bxc5 12. Ndc4 Qc7 13. Bf4 g5 14. Bxg5 dxc4
15. Bxb7 Qxb7 16. Bh6 Nc6 17. Nxc6 Qxc6 18. Bxf8 Rxf8 19. Qxc4 Rd8 20. b3 Rd4
21. Qc2 Qe6 22. Rad1 Re4 23. Rd2 h5 24. Qd3 Rd4 25. Qc2 Re4 26. Rfd1 h4 27. Qd3
Kg7 28. Qf3 h3 29. Qc3 Kg8 30. Rc2 Re5 31. Qc4 Qf5 32. Rd3 Re4 33. Qb5 Qe5 34.
Rd1 Rd4 35. Rdc1 Qd5 36. f3 Rd1# 0-1

[Event "14. Obert Int. Sant Marti 2012"]
[Site "Barcelona ESP"]
[Date "2012.07.19"]
[Round "7.28"]
[White "Espinoza Palomino, Willyam"]
[Black "Leiro Giralt, Daniel"]
[Result "0-1"]
[WhiteElo "2296"]
[BlackElo "2214"]
[PlyCount "46"]
[EventDate "2012.07.13"]
[EventType "swiss"]
[EventRounds "9"]
[EventCountry "ESP"]
[SourceTitle "Ajedrez en Madrid"]
[Source "lmi"]
[SourceDate "2012.07.13"]
[SourceVersion "1"]
[SourceVersionDate "2019.06.21"]
[SourceQuality "1"]

1. e4 e5 2. Nf3 Nf6 3. Nxe5 d6 4. Nf3 Nxe4 5. Nc3 Nxc3 6. dxc3 Be7 7. Be3 Nc6
8. Qd2 Be6 9. O-O-O Bxa2 10. b3 a5 11. Kb2 a4 12. Kxa2 axb3+ 13. Kxb3 Ra5 14.
Kb2 Qa8 15. Rb1 Ra2+ 16. Kc1 Ra1 17. Qd5 Qa3+ 18. Kd2 Rxb1 19. Qe4 d5 20. Qf5
O-O 21. h4 Bf6 22. Ng5 Qxc3+ 23. Ke2 Nd4+ 0-1

[Event "14. Obert Int. Sant Marti 2012"]
[Site "Barcelona ESP"]
[Date "2012.07.19"]
[Round "7.29"]
[White "Meza Martinez, Alcides Ivan"]
[Black "Mamedjarova, Turkan"]
[Result "0-1"]
[WhiteElo "2187"]
[BlackElo "2259"]
[PlyCount "62"]
[EventDate "2012.07.13"]
[EventType "swiss"]
[EventRounds "9"]
[EventCountry "ESP"]
[SourceTitle "Ajedrez en Madrid"]
[Source "lmi"]
[SourceDate "2012.07.13"]
[SourceVersion "1"]
[SourceVersionDate "2019.06.21"]
[SourceQuality "1"]

1. c4 e6 2. g3 f5 3. Bg2 Nf6 4. Nf3 g6 5. O-O Bg7 6. Nc3 O-O 7. Qc2 d6 8. d4
Na6 9. a3 c6 10. b4 Nc7 11. Bf4 Nh5 12. Bg5 Qe8 13. e4 e5 14. dxe5 dxe5 15. Be3
Ne6 16. Rad1 f4 17. Bc5 Nxc5 18. bxc5 Qe7 19. Rd6 g5 20. Rfd1 Bf6 21. Qd3 Ng7
22. Nd2 Ne8 23. Nb3 Qf7 24. f3 Be6 25. Bf1 Nxd6 26. cxd6 fxg3 27. hxg3 b6 28.
Nd2 g4 29. f4 exf4 30. gxf4 Bxc3 31. f5 Be5 0-1

[Event "14. Obert Int. Sant Marti 2012"]
[Site "Barcelona ESP"]
[Date "2012.07.19"]
[Round "7.30"]
[White "Minguez Rodriguez, Raul"]
[Black "Porta Tovar, Guillem"]
[Result "1/2-1/2"]
[WhiteElo "2237"]
[BlackElo "1846"]
[PlyCount "99"]
[EventDate "2012.07.13"]
[EventType "swiss"]
[EventRounds "9"]
[EventCountry "ESP"]
[SourceTitle "Ajedrez en Madrid"]
[Source "lmi"]
[SourceDate "2012.07.13"]
[SourceVersion "1"]
[SourceVersionDate "2019.06.21"]
[SourceQuality "1"]

1. d4 Nf6 2. Nc3 g6 3. e4 d6 4. f4 Bg7 5. Nf3 O-O 6. Bd3 c5 7. dxc5 dxc5 8. e5
Nd5 9. Nxd5 Qxd5 10. Qe2 Nc6 11. Be4 Qd7 12. Be3 b6 13. Rd1 Qc7 14. O-O Bb7 15.
Rd2 Rad8 16. Rfd1 Rxd2 17. Rxd2 Rd8 18. c3 Rxd2 19. Nxd2 Kh8 20. Qc4 e6 21. b4
Bf8 22. bxc5 Na5 23. cxb6 Qxc4 24. Nxc4 Nxc4 25. Bxb7 axb6 26. Bd4 Bc5 27. Bxc5
bxc5 28. Kf2 Kg7 29. Ke2 Kf8 30. Kd3 Na5 31. Bf3 Ke7 32. g4 f5 33. exf6+ Kxf6
34. h4 h6 35. g5+ hxg5 36. fxg5+ Kf5 37. Ke3 Nc4+ 38. Kf2 Kf4 39. a4 Na5 40.
Be2 e5 41. Bh5 Kf5 42. Bxg6+ Kxg6 43. Ke3 Kf5 44. h5 Kxg5 45. Ke4 Nc4 46. h6
Kxh6 47. Kd5 Nb6+ 48. Kxc5 Nxa4+ 49. Kd5 Nxc3+ 50. Kxe5 1/2-1/2

[Event "14. Obert Int. Sant Marti 2012"]
[Site "Barcelona ESP"]
[Date "2012.07.19"]
[Round "7.31"]
[White "Molinero Martin, Joan"]
[Black "Mosquera, Miguel"]
[Result "0-1"]
[WhiteElo "2046"]
[BlackElo "2395"]
[PlyCount "96"]
[EventDate "2012.07.13"]
[EventType "swiss"]
[EventRounds "9"]
[EventCountry "ESP"]
[SourceTitle "Ajedrez en Madrid"]
[Source "lmi"]
[SourceDate "2012.07.13"]
[SourceVersion "1"]
[SourceVersionDate "2019.06.21"]
[SourceQuality "1"]

1. e4 c5 2. Nf3 d6 3. Bc4 Nc6 4. O-O Nf6 5. Re1 e6 6. d3 Be7 7. c3 O-O 8. Bg5
a6 9. Bb3 b5 10. Nbd2 e5 11. Nf1 h6 12. Bxf6 Bxf6 13. Ne3 g6 14. Nd5 Bg7 15. h3
Kh7 16. a4 Rb8 17. axb5 axb5 18. Qd2 f5 19. Nh2 Be6 20. Ra6 Na5 21. Ba2 Bc8 22.
Ra7 Bb7 23. b4 Nc6 24. Ra3 cxb4 25. Nxb4 Nxb4 26. cxb4 d5 27. exf5 gxf5 28. Rc1
Rc8 29. Rxc8 Qxc8 30. Rc3 Qd7 31. Qc1 Rf7 32. Rc2 Qd6 33. Rc5 Qd7 34. Rc2 Re7
35. Bb1 e4 36. dxe4 dxe4 37. Nf1 Bf6 38. Rc5 Bd4 39. Rc2 Qd6 40. Ne3 Qe5 41.
Qd2 Rg7 42. Rc1 Bb6 43. Kh1 h5 44. g3 h4 45. g4 Bc7 46. f4 Qxf4 47. Rf1 Qg3 48.
Qg2 Qxe3 0-1

[Event "14. Obert Int. Sant Marti 2012"]
[Site "Barcelona ESP"]
[Date "2012.07.19"]
[Round "7.32"]
[White "Vazquez Gamero, Miguel"]
[Black "Dominguez Pons, Eric"]
[Result "0-1"]
[WhiteElo "2088"]
[BlackElo "2325"]
[PlyCount "48"]
[EventDate "2012.07.13"]
[EventType "swiss"]
[EventRounds "9"]
[EventCountry "ESP"]
[SourceTitle "Ajedrez en Madrid"]
[Source "lmi"]
[SourceDate "2012.07.13"]
[SourceVersion "1"]
[SourceVersionDate "2019.06.21"]
[SourceQuality "1"]

1. e4 c5 2. Nf3 d6 3. Bc4 e6 4. d4 cxd4 5. Nxd4 Nf6 6. Nc3 a6 7. Bg5 Be7 8. Qf3
Qa5 9. Be3 Nbd7 10. O-O-O Ne5 11. Qe2 Nxc4 12. Qxc4 Qc5 13. Qe2 Qc7 14. f4 b5
15. e5 dxe5 16. fxe5 Nd7 17. Bf4 Bb7 18. Rhf1 O-O-O 19. Bg3 Nc5 20. Kb1 b4 21.
Na4 Nxa4 22. Rxf7 Qb6 23. Rxe7 Rxd4 24. Rxd4 Nc3+ 0-1

[Event "14. Obert Int. Sant Marti 2012"]
[Site "Barcelona ESP"]
[Date "2012.07.19"]
[Round "7.33"]
[White "Garriga Cazorla, Pere"]
[Black "Avila Gimenez, Xavier"]
[Result "1-0"]
[WhiteElo "2056"]
[BlackElo "2307"]
[PlyCount "107"]
[EventDate "2012.07.13"]
[EventType "swiss"]
[EventRounds "9"]
[EventCountry "ESP"]
[SourceTitle "Ajedrez en Madrid"]
[Source "lmi"]
[SourceDate "2012.07.13"]
[SourceVersion "1"]
[SourceVersionDate "2019.06.21"]
[SourceQuality "1"]

1. Nf3 d5 2. g3 c6 3. Bg2 Nf6 4. O-O Bf5 5. c4 dxc4 6. a4 Qa5 7. Na3 Qc5 8. b3
cxb3 9. Qxb3 Qb6 10. Qd1 Nbd7 11. d3 e6 12. Nc4 Qa6 13. Bf4 Be7 14. Bd6 Nb6 15.
Bxe7 Kxe7 16. Nce5 Rhd8 17. Qb3 Rac8 18. Ng5 Bg6 19. Rfc1 Nfd7 20. a5 Nxe5 21.
axb6 Qxb6 22. Qa3+ Ke8 23. Rcb1 Qc7 24. Qxa7 b5 25. Qe3 Ng4 26. Qc5 Qd6 27. Qb6
f6 28. Ne4 Bxe4 29. Bxe4 f5 30. Bg2 Nf6 31. Ra7 Rd7 32. Qa6 Kd8 33. Rc1 Nd5 34.
Qa5+ Ke7 35. Ra8 Rxa8 36. Qxa8 c5 37. Qg8 Kf6 38. Qxh7 b4 39. Bf3 Qf8 40. Bh5
b3 41. Qg6+ Ke5 42. f4+ Kd6 43. e4 Nc7 44. Rb1 Qb8 45. e5+ Kd5 46. Bd1 b2 47.
Qh5 c4 48. Qf3+ Kc5 49. Qf2+ Rd4 50. Rxb2 Qa7 51. Rc2 Qa1 52. Rxc4+ Kb5 53.
Qxd4 Qxd1+ 54. Kg2 1-0

[Event "14. Obert Int. Sant Marti 2012"]
[Site "Barcelona ESP"]
[Date "2012.07.19"]
[Round "7.34"]
[White "Ramirez Garcia, Jorge Alberto"]
[Black "Ginesta Caballero, Olga Lucia"]
[Result "1-0"]
[WhiteElo "2241"]
[BlackElo "2093"]
[PlyCount "153"]
[EventDate "2012.07.13"]
[EventType "swiss"]
[EventRounds "9"]
[EventCountry "ESP"]
[SourceTitle "Ajedrez en Madrid"]
[Source "lmi"]
[SourceDate "2012.07.13"]
[SourceVersion "1"]
[SourceVersionDate "2019.06.21"]
[SourceQuality "1"]

1. e4 d5 2. exd5 Qxd5 3. Nc3 Qa5 4. Bc4 Nf6 5. Nge2 c6 6. O-O e6 7. d4 Be7 8.
Bf4 Nbd7 9. Qd2 O-O 10. Nd5 Bd8 11. b4 Qa3 12. Nxf6+ Nxf6 13. Rfb1 b5 14. Bd3
Qa6 15. Bd6 Re8 16. Nc3 Bd7 17. a4 Qb7 18. Qe2 a6 19. a5 Bc7 20. Be5 Bd8 21.
Qf3 Be7 22. Qh3 h6 23. Qg3 Qc8 24. Ne4 Qd8 25. c3 Rf8 26. Nxf6+ Bxf6 27. Bxf6
Qxf6 28. Re1 Rfd8 29. Re3 Be8 30. Rae1 Rd5 31. Be4 Rdd8 32. Qc7 Rdc8 33. Qg3
Rd8 34. Kf1 Ra7 35. Ke2 Qe7 36. Bc2 Qd6 37. Qe5 Qxe5 38. dxe5 c5 39. Be4 Kf8
40. Rd3 Rxd3 41. Bxd3 cxb4 42. cxb4 Rc7 43. Ke3 Rc3 44. Kd4 Rc7 45. Re2 Rd7+
46. Ke3 Rd5 47. f4 Ke7 48. Rc2 Kd8 49. Rc1 Rd7 50. h4 f5 51. exf6 gxf6 52. g4
Rg7 53. Be2 Bd7 54. Ra1 Ke7 55. Bf3 Bc8 56. Rc1 Kd7 57. Rc5 Rg8 58. Rh5 Rg6 59.
f5 exf5 60. gxf5 Rg1 61. Rxh6 Ke7 62. Be4 Re1+ 63. Kd4 Rc1 64. Bd3 Rg1 65. Rh8
Bd7 66. Ra8 Rg4+ 67. Kc5 Rg3 68. Be4 Re3 69. Bd5 Bxf5 70. Rxa6 Rc3+ 71. Kb6 Kd6
72. Bg2 Bd7 73. Ra8 Rg3 74. Bb7 f5 75. a6 f4 76. a7 Ra3 77. Rf8 1-0

[Event "14. Obert Int. Sant Marti 2012"]
[Site "Barcelona ESP"]
[Date "2012.07.19"]
[Round "7.35"]
[White "Lopez Forn, Marc"]
[Black "Capellades Subirana, Marc"]
[Result "0-1"]
[WhiteElo "2032"]
[BlackElo "2233"]
[PlyCount "100"]
[EventDate "2012.07.13"]
[EventType "swiss"]
[EventRounds "9"]
[EventCountry "ESP"]
[SourceTitle "Ajedrez en Madrid"]
[Source "lmi"]
[SourceDate "2012.07.13"]
[SourceVersion "1"]
[SourceVersionDate "2019.06.21"]
[SourceQuality "1"]

1. e4 c6 2. d4 d5 3. Nc3 dxe4 4. Nxe4 Nf6 5. Ng3 g6 6. Bc4 Bg7 7. N1e2 e5 8. c3
O-O 9. O-O exd4 10. cxd4 Nbd7 11. Bg5 Nb6 12. Bb3 h6 13. Bf4 Nfd5 14. Be5 f6
15. Bf4 Kh7 16. Re1 Bg4 17. Qd2 Re8 18. Nc3 Be6 19. Nxd5 Nxd5 20. Bc2 Nxf4 21.
Qxf4 f5 22. Red1 Qg5 23. Qxg5 hxg5 24. Kf1 Rad8 25. Ne2 Rd6 26. Rd2 Bc4 27. Bd3
Bf7 28. Bc2 g4 29. g3 Bh6 30. Nf4 Bc4+ 31. Kg2 Bxf4 32. gxf4 c5 33. Rad1 Bd5+
34. Kg3 c4 35. Ba4 Rh8 36. Re1 Kg7 37. h4 gxh3 38. f3 Kf6 39. Rh2 a6 40. Bd1
Bf7 41. Rd2 Rhd8 42. Kxh3 Rxd4 43. Rxd4 Rxd4 44. b3 cxb3 45. axb3 Rxf4 46. Kg3
Rb4 47. Rh1 f4+ 48. Kf2 Bxb3 49. Be2 Bc4 50. Rh8 Rb2 0-1

[Event "14. Obert Int. Sant Marti 2012"]
[Site "Barcelona ESP"]
[Date "2012.07.19"]
[Round "7.36"]
[White "Diaz-flores Garcia, Pablo"]
[Black "Deleyn, Gunter"]
[Result "1/2-1/2"]
[WhiteElo "2018"]
[BlackElo "2197"]
[PlyCount "35"]
[EventDate "2012.07.13"]
[EventType "swiss"]
[EventRounds "9"]
[EventCountry "ESP"]
[SourceTitle "Ajedrez en Madrid"]
[Source "lmi"]
[SourceDate "2012.07.13"]
[SourceVersion "1"]
[SourceVersionDate "2019.06.21"]
[SourceQuality "1"]

1. d4 Nf6 2. Bg5 e6 3. e3 b6 4. f4 Bb7 5. Nf3 Be7 6. Bd3 h6 7. Bxf6 Bxf6 8. O-O
c5 9. c3 Nc6 10. Nbd2 d6 11. f5 exf5 12. Bxf5 Ne7 13. Be4 d5 14. Bc2 O-O 15. e4
dxe4 16. Nxe4 Bxe4 17. Bxe4 Rc8 18. dxc5 1/2-1/2

[Event "14. Obert Int. Sant Marti 2012"]
[Site "Barcelona ESP"]
[Date "2012.07.19"]
[Round "7.37"]
[White "Lacasta Palacio, Joaquim"]
[Black "Kopaloff, Nick"]
[Result "1/2-1/2"]
[WhiteElo "2195"]
[BlackElo "2075"]
[PlyCount "52"]
[EventDate "2012.07.13"]
[EventType "swiss"]
[EventRounds "9"]
[EventCountry "ESP"]
[SourceTitle "Ajedrez en Madrid"]
[Source "lmi"]
[SourceDate "2012.07.13"]
[SourceVersion "1"]
[SourceVersionDate "2019.06.21"]
[SourceQuality "1"]

1. g3 d5 2. f4 Nf6 3. Nf3 g6 4. Bg2 Bg7 5. O-O O-O 6. d3 Nc6 7. c3 Qd6 8. Qe1
e5 9. fxe5 Nxe5 10. Nxe5 Qxe5 11. Bf4 Qe6 12. Qd2 Re8 13. Bf3 Qb6+ 14. Kh1 Bh3
15. Bg2 Bxg2+ 16. Kxg2 Ng4 17. Na3 Re6 18. Rae1 Rae8 19. Rf3 h6 20. h3 Ne3+ 21.
Bxe3 Rxe3 22. Rxe3 Rxe3 23. Nc2 Re7 24. b4 Qc6 25. Nd4 Qb6 26. e3 a5 1/2-1/2